Saltar al contenido
Inicio
Centros participantes
Catálogo
Servicios
Contacto
כניסה לחשבון
English
Deutsch
Español
Français
Italiano
日本語
Nederlands
Português
Português (Brasil)
中文(简体)
中文(繁體)
Türkçe
עברית
Gaeilge
Cymraeg
Ελληνικά
Català
Euskara
Русский
Čeština
Suomi
Svenska
polski
Dansk
slovenščina
اللغة العربية
বাংলা
Galego
Tiếng Việt
Hrvatski
हिंदी
Հայերէն
Українська
Sámegiella
שפה
כל השדות
כותר
מחבר
נושא
סימן המיקום
ISBN/ISSN
תג
מצא
מתקדם
Reagan Cuban independence bay...
יצירת מראה מקום
שלח את זה
הדפסה
יצוא רשומה
יצוא אל RefWorks
יצוא אל EndNoteWeb
יצוא אל EndNote
הוספה למועדפים
Enlace Permanente
Agregar primera valuación
Reagan Cuban independence bay remarks central americans cooitted to freedom
שמור ב:
מידע ביבליוגרפי
פורמט:
Texto
יצא לאור:
s.l.:
s.e.
תגים:
הוספת תג
אין תגיות, היה/י הראשונ/ה לתייג את הרשומה!
מלאי ספרים
תיאור
הערות
פריטים דומים
תצוגת צוות
MARC
LEADER
00000 a a2200000 04500
001
22339
003
040
090
|a
152100
245
|a
Reagan Cuban independence bay remarks central americans cooitted to freedom
260
|a
s.l.:
|b
s.e.
300
|a
10 p.
500
|a
Tomado de: Cable noticioso
999
|c
16550
|d
16550
פריטים דומים
A guide to canadian policies on arms control, disarmament, defence and conflict resolution: 1987-1988
Empleo y equidad: el desafío de los 90 /
Nuevas formas de concertación regional
Resumen del desarrollo económico de Puerto Rico
The Evolution of weapons and warfare
מאת: Dupuy, Trevor Nevitt